La ejecucin̤ judicial civil y sus alternativas en Espaą y Mx̌ico

Bibliographic Details
Main Author: Hernǹdez Bezanilla, Emma del Rosario
Format: Unknown
Language:Spanish
Published: Barcelona : Bosch Editor, 2008
Subjects:
Online Access:Acceso restringido

MARC

LEADER 00000ny a22000003n 4500
005 20110617125714.0
006 m u
007 cr cn|||||||||
008 200807r2008 sp |||||s|||||||||||spa d
020 |a 9788476988169 
035 |a 2370 
040 |a FlNmELB  |c FlNmELB  |d vlex 
050 1 4 |a K623  |b H558 2008eb 
080 |a 347 
090 |c 1407  |d 1407 
100 1 |a Hernǹdez Bezanilla, Emma del Rosario 
245 1 3 |a La ejecucin̤ judicial civil y sus alternativas en Espaą y Mx̌ico  |h [Recurso electrn̤ico]  |c Emma del Rosario Hernǹdez Bezanilla 
256 |a Servicio en ln̕ea 
260 |a Barcelona :  |b Bosch Editor,  |c 2008 
300 |a 9-373 p 
506 1 |a Contenido solo disponible en los productos indicados  |d vLex Global  |d vLex Global (Academic Edition, excluding Law Schools)  |d vLex Global (U.S. Academic Edition, Law Schools)  |d vLex Global (U.S. Academic Edition, excluding Law Schools)  |d vLex Global (Academic Edition, Law Schools) 
650 0 7 |2 Tesauro vLex  |a Ejecucin̤ de sentencias 
740 0 |a vLex Libros (Servicios en ln̕ea) 
856 4 0 |z Acceso restringido  |u http://vlex.com/source/2370 
942 |c BOOK